000 00558nam a2200205Ia 4500
005 20250508165546.0
008 008 250505s9999 xx 000 0 eng d
020 _a978-0-06-231278-5
037 _aTextual
040 _aFEDL
_beng
_cFEDL
041 _aeng
_2eng
084 _a305.8, SRI
_qFEDL
100 _aSrinivas M N
245 0 _aCaste: Its tewntieth century avatar
260 _aGurgaon, India
_bPenguin Group
_c1996
300 _axxxviii, 306p.
365 _aINR
_b399
942 _cTEXL
_h305.8, SRI
999 _c1395865
_d1395865